000 01819cam a22004457a 4500
003 CHAP
005 20220329142326.0
008 200719d2000 mx rs o00110 spa d
010 _a81761
011 _a82733
020 _a970-13-2773-X
020 _a970-13-2774-8
020 _a9701327764
035 _a93235
040 _cCHAP
082 0 4 _a338.972
_bI59 1999 Tlax.
110 2 _aInstituto Nacional de Estadística, Geografía e Informática. México
_959304
245 1 0 _aCuaderno estadístico municipal :
_bTlaxcala
_c/por Instituto Nacional de Estadística, Geografía e Informática
260 _aAguascalientes, Ags. :
_bInstituto Nacional de Estadística, Geografía e Informática,
_cc.2000-
300 _av.
500 _aLa biblioteca tiene : v.1. Tlaxco -- v.2. Atlangatepec -- v.3. Tenancingo
590 _aBATCH-UPD
_b10
_c20130109
_lUCH01
_h2308
590 _aBATCH-UPD
_b10
_c20130110
_lUCH01
_h1911
590 _aBATCH-UPD
_b10
_c20130409
_lUCH01
_h1824
590 _aBATCH-UPD
_b10
_c20130410
_lUCH01
_h1238
590 _aBATCH-UPD
_b10
_c20130914
_lUCH01
_h1503
590 _aCONVERSION
_b10
_c20130109
_lUCH01
_h1345
650 0 4 _aMéxico
_xMunicipios.
_976781
650 1 4 _aAgricultura
_xEstadisticas
_zTlaxcala.
_91470
650 1 4 _aGanadería
_xEstadísticas
_zTlaxcala.
_944729
650 1 4 _aTlaxcala
_xCondiciones económicas.
_9113468
650 1 4 _aTlaxcala
_xCondiciones sociales.
_9113470
650 1 4 _aTlaxcala
_xEstadísticas.
_9113474
901 _aBK
905 _aPatricia Mendoza P.
942 _cLIBRO
949 _a338.972 I59 1999 Tlax.
_bBC
_cINEGI
_d33724000581138
_eINEGI
_fv.1
_h98312
_i93235
_sb
949 _a338.972 I59 1999 Tlax.
_bBC
_cINEGI
_d33724000581146
_eINEGI
_fv.2
_h98313
_i93235
_sb
949 _a338.972 I59 1999 Tlax.
_bBC
_cINEGI
_d33724000581153
_eINEGI
_fv.3
_h98314
_i93235
_sb
999 _c81761
_d81761